000
00328nam a2200133Ia 4500
008
221030s9999 xx 000 0 und d
041
_a
English
100
_a
N. C. S. N. Iyenger
245
0
_a
Engineering Mathematics
_c
by N. C. S. N. Iyenger, B. Baskaran
260
_c
0
650
_a
B
700
_a
B. Baskaran
942
_c
BK
999
_c
16466
_d
16466